Normal view MARC view

Entry Nome pessoal

Number of records used in: 1

001 - NÚMERO DE CONTROLE

  • campo de controle: 712

003 - IDENTIFICADOR DO NÚMERO DE CONTROLE

  • campo de controle: Br

005 - DATA E HORÁRIO DA ÚLTIMA TRANSAÇÃO

  • campo de controle: 20250331083927.0

008 - CAMPO DE DADOS FIXOS

  • campo de controle de tamanho fixo: 990616|| acnnnaab| aaaa d

035 ## - NÚMERO DE CONTROLE DO SISTEMA

  • Número de Controle do Sistema: 99061616110128E40

040 ## - FONTE DA CATALOGAÇÃO

  • Instituição da catalogação original: Br
  • Instituição que transcreveu o registro: Br

100 1# - CABEÇALHO--NOME PESSOAL

  • Nome pessoal: Junqueira, Lígia,
  • Datas associadas ao nome: 1906-
  • Função do autor por extenso: TRADUTORA

400 1# - REMISSIVA VER--NOME PESSOAL

  • Nome pessoal: Smith, Lígia Junqueira
  • Datas associadas ao nome: 1906-

400 1# - REMISSIVA VER--NOME PESSOAL

  • Nome pessoal: Junqueira Caiubi, Lígia
  • Datas associadas ao nome: 1906-

400 1# - REMISSIVA VER--NOME PESSOAL

  • Nome pessoal: Caiubi, Lígia Junqueira
  • Datas associadas ao nome: 1906-

670 ## - FONTE POSITIVA DOS DADOS

  • Citação da fonte positiva dos dados: Autor de: Cinza e vinho. 1956.
  • Dados encontrados na fonte localizada no subcampo: (mineiro, romancista)

670 ## - FONTE POSITIVA DOS DADOS

  • Citação da fonte positiva dos dados: Faulkner, W. - Santuário
  • Dados encontrados na fonte localizada no subcampo: (Lígia Junqueira Smith)

670 ## - FONTE POSITIVA DOS DADOS

  • Citação da fonte positiva dos dados: Wilson, Mitchell A. A mulher desejada
  • Dados encontrados na fonte localizada no subcampo: (Lígia Junqueira)

670 ## - FONTE POSITIVA DOS DADOS

  • Citação da fonte positiva dos dados: Dic. lit. bras. 1978 p.143
  • Dados encontrados na fonte localizada no subcampo: (romancista e tradutora; n.c.; d.n. Caiubu)

670 ## - FONTE POSITIVA DOS DADOS

  • Citação da fonte positiva dos dados: Enc. de lit. bras. v.2 p.759
  • Dados encontrados na fonte localizada no subcampo: (n.c; d,n, romancista e tradutora)

670 ## - FONTE POSITIVA DOS DADOS

  • Citação da fonte positiva dos dados: https://pt.wikipedia.org/wiki/Lígia_Junqueira 11/11/2016
  • Dados encontrados na fonte localizada no subcampo: (n.c.: Lígia Junqueira Caiubi Smith, nasceu em Conquista], Minas Gerais, 24 de julho de 1906 ; escritora e tradutora brasileira)

Powered by Koha